Film de super héros (Marvel / DC) de 2000 à aujourd'hui - Statistiques

Statistiques générales
  • Ce quiz a été pris 1 218 fois
  • Le résultat moyen est 41 sur 94
Statistiques - réponses
Années Studio Titre % Correct
2008 Marvel Iron-Man
93%
2022 DC Comics The Batman
88%
2002 Marvel Spider-Man
87%
2012 Marvel Avengers
83%
2010 Marvel Iron-Man 2
82%
2013 Marvel Iron-Man 3
80%
2011 Marvel Thor
79%
2004 Marvel Spider-Man 2
77%
2007 Marvel Spider-Man 3
75%
2003 Marvel Hulk
74%
2019 Marvel Avengers: Endgame
72%
2015 Marvel Ant-Man
69%
2018 Marvel Avengers: Infinity War
68%
2015 Marvel Avengers : L'Ère d'Ultron
65%
2017 Marvel Spider-Man: Homecoming
65%
2017 DC Comics Wonder Woman
65%
2000 Marvel X-Men
65%
2018 Marvel Black Panther
64%
2019 Marvel Spider-Man: Far From Home
64%
2012 Marvel / Sony The Amazing Spider-Man
63%
2017 Marvel Thor: Ragnarok
63%
2016 Marvel Doctor Strange
62%
2017 DC Comics Justice League
61%
2021 Marvel Spider-Man: No Way Home
61%
2018 Marvel Ant-Man et la Guêpe
60%
2021 Marvel Black Widow
60%
2016 Marvel Captain America: Civil War
60%
2014 Marvel Les Gardiens de la Galaxie
60%
2018 DC Comics Aquaman
59%
2019 Marvel Captain Marvel
58%
2013 DC Comics Man of Steel
56%
2014 Marvel The Amazing Spider-Man 2
56%
2023 DC Comics The Flash
56%
2011 Marvel Captain America : First Avenger
54%
2008 DC Comics The Dark Knight
54%
2003 Marvel X-Men 2
53%
2014 Marvel Captain America : Le Soldat de l'hiver
52%
2022 Marvel Thor : Love and Thunder
50%
2016 Marvel Deadpool
49%
2008 Marvel L'Incroyable Hulk
49%
2013 Marvel Thor : Le Monde des ténèbres
49%
2005 DC Comics Batman Begins
48%
2013 Marvel Wolverine : Le combat de l'immortel
48%
2016 DC Comics Suicide Squad
46%
2019 DC Comics Joker
45%
2017 Marvel Les Gardiens de la Galaxie Vol. 2
45%
2018 Marvel Deadpool 2
44%
2017 Marvel Logan
43%
2012 DC Comics The Dark Knight Rises
42%
2022 Marvel Black Panther : Wakanda Forever
41%
2021 Marvel Les Éternels
41%
2019 DC Comics Shazam
41%
2021 Marvel Shang-Chi et la Légende des Dix Anneaux
40%
2020 DC Comics Wonder Woman 1984
40%
2003 Marvel Daredevil
38%
2018 Marvel Venom
38%
2011 DC Comics Green Lantern
37%
2016 DC Comics Batman V Superman : L'aube de la justice
36%
2016 Marvel X-Men : Apocalypse
36%
2023 Marvel Les Gardiens de la Galaxie Vol. 3
35%
2022 DC Comics Black Adam
33%
2019 Marvel X-Men: Dark Phoenix
33%
2023 Marvel Ant-Man et la Guêpe : Quantumania
31%
2022 Marvel Doctor Strange in the Multiverse of Madness
30%
2005 Marvel Elektra
30%
2006 Marvel X-Men : L'Affrontement final
30%
2011 Marvel X-Men Le Commencement
30%
2021 DC Comics The Suicide Squad
29%
2007 Marvel Ghost Rider
28%
2005 Marvel Les Quatre Fantastiques
27%
2015 Marvel Les Quatre Fantastiques
27%
2023 Marvel The Marvels
26%
2014 Marvel X-Men: Days of Future Past
25%
2022 Marvel Morbius
24%
2004 Marvel The Punisher
23%
2004 DC Comics Catwoman
22%
2006 DC Comics Superman Returns
22%
2021 Marvel Venom : Let There Be Carnage
20%
2009 Marvel X-Men Origins Wolverine
20%
2003 Marvel Blade 2
18%
2012 Marvel Ghost Rider 2 : L'esprit de vengeance
17%
2020 Marvel Les Nouveaux Mutants
16%
2004 Marvel Blade: Trinity
15%
2009 DC Comics Watchmen
15%
2018 Marvel Spider-Man: New Generation
13%
2021 DC Comics Zack Snyder's Justice League
13%
2007 Marvel Les Quatre Fantastiques et le Surfer d'argent
12%
2020 DC Comics Bird of Prey
9%
2005 DC Comics Constantine
9%
2023 DC Comics Aquaman and the Lost Kingdom
8%
2022 DC Comics Shazam : Fury of the Gods
7%
2022 DC Comics Batgirl
4%
2017 DC Comics Lego Batman
4%
2008 DC Comics The Spirit
2%
Aucun quiz correspondant
Distribution des résultats
% des personnes avec chaque résultat
Percentile par nombre de réponses
Votre historique - résultats
Vous n’avez pas pris ce quiz